LEADER 02338nam0 22005173i 450 001 VAN00300455 005 20260217102618.442 017 70$2N$a9780387227764 100 $a20251107d1999 |0itac50 ba 101 $aeng 102 $aUS 105 $a|||| ||||| 181 $ai$b e 182 $ab 183 $acr 200 1 $aNonlinear Theory of Shallow Shells$fI. I. Vorovich$gEnglish Edition edited by L.P. Lebedev$gTranslated by Michael Grinfeld 210 $aNew York$cSpringer$d1999 215 $axvi, 388 p.$cill.$d24 cm 410 1$1001VAN00023717$12001 $aApplied mathematical sciences$1210 $aBerlin [etc]$cSpringer$d1971-$v133 500 1$3VAN00300456$aMatematicheskiye problemy nelineynoy teorii pologikh obolochek$94455563 606 $a74-XX$xMechanics of deformable solids [MSC 2020]$3VANC022466$2MF 606 $a74K15$xMembranes [MSC 2020]$3VANC023068$2MF 606 $a74K25$xShells [MSC 2020]$3VANC023455$2MF 610 $aFunctional Analysis$9KW:K 610 $aShells$9KW:K 610 $aStability$9KW:K 620 $aUS$dNew York$3VANL000011 700 1$aVorovich$bIosif I.$3VANV042345$01856443 702 1$aLebedev$bLeonid P.$3VANV042343$4340 702 1$aGrinfeld$bMichael$3VANV087686$4730 712 $aSpringer $3VANV108073$4650 790 1$aVorovich, Iosif Izrailevich$zVorovich, Iosif I.$3VANV254938 790 1$aVorovich, I. I.$zVorovich, Iosif I.$3VANV254939 790 1$aVorovich, I.I.$zVorovich, Iosif I.$3VANV262441 790 1$aLebedev, Leonid Petrovich$zLebedev, Leonid P.$3VANV262436 790 1$aLebedev, L. P.$zLebedev, Leonid P.$3VANV262437 790 1$aLebedev, L.P.$zLebedev, Leonid P.$3VANV262438 790 1$aGrinfeld, M.$zGrinfeld, Michael$3VANV259321 801 $aIT$bSOL$c20260410$gRICA 856 4 $uhttps://doi.org/10.1007/b98970$zE-book ? Accesso al full-text attraverso riconoscimento IP di Ateneo, proxy e/o Shibboleth 899 $aBIBLIOTECA DEL DIPARTIMENTO DI MATEMATICA E FISICA$1IT-CE0120$2VAN08 912 $fN 912 $aVAN00300455 950 $aBIBLIOTECA DEL DIPARTIMENTO DI MATEMATICA E FISICA$d08DLOAD e-Book 13179 $e08eMF13179 20251217 996 $aMatematicheskiye problemy nelineynoy teorii pologikh obolochek$94455563 997 $aUNICAMPANIA